00347nam a2200145Ia 4500008004100000082001500041100002400056245001700080250000800097260002400105300001200129500002400141650001500165700002100180230524s9999 xx 000 0 und d a571.6bROY aSatyesh Chandra Roy 0aCell Biology a2ND aCALCUTTAbNCBc2005 aXIV;620 aQuantity Number: 1 aBiomedical a Kalyan Kumar De